[Event "Grenzturnering 2223 12th"]
[Site "Denmark/Germany"]
[Date "2022.09.30"]
[Round "9"]
[White "Jensen, Scot Wolfgang"]
[Black "Zare, Mahmoudreza"]
[Result "1/2-1/2"]
[WhiteElo "1577"]
[BlackElo "1504"]
[PlyCount "194"]
[EventDate "2022.09.30"]
[EventType "swiss"]
[EventRounds "9"]
[EventCountry "DEN"]
[SourceTitle "EXT 2025"]
[Source "ChessBase"]
[SourceDate "2024.10.14"]
[SourceVersion "1"]
[SourceVersionDate "2024.10.14"]
[SourceQuality "1"]

1. e4 c5 2. Nf3 Nc6 3. d4 cxd4 4. Nxd4 e6 5. Nxc6 bxc6 6. Bf4 Nf6 7. f3 d5 8. exd5 cxd5 9. Qd4 Be7 10. Be5 0-0 11. Bd3 Bd7 12. a3 h6 13. Nc3 a6 14. g4 Be8 15. h4 Rc8 16. b4 Bb5 17. g5 Nh5 18. Nxb5 axb5 19. gxh6 g6 20. Qg4 Kh7 21. Qxh5 Bf6 22. f4 Bxe5 23. Qxe5 f6 24. Qd4 Qc7 25. Rg1 f5 26. Kd2 Kxh6 27. Rg2 Rg8 28. Rf1 Qe7 29. Rg5 Rg7 30. Re1 Qd6 31. Qe5 Qb6 32. Rg2 Re8 33. Rge2 Qa6 34. Qb2 Kh7 35. a4 Qd6 36. Re5 bxa4 37. Ra1 Qb6 38. Re2 Ra7 39. b5 Qa5+ 40. Qc3 Qd8 41. Rh2 Qd6 42. Qd4 Rea8 43. c3 a3 44. h5 g5 45. Qe5 Qxe5 46. fxe5 Ra4 47. Kc2 Kh6 48. Kb3 g4 49. Ka2 Rf4 50. Rf1 Rfa4 51. b6 Rb8 52. Rb1 Rf4 53. Rb4 Rf3 54. Rd2 Re3 55. Kxa3 Rxe5 56. Kb3 Kxh5 57. Ra2 Re3 58. Kc2 g3 59. Ra1 Kg5 60. b7 e5 61. Ra8 Rxb7 62. Rxb7 e4 63. Bf1 Kf4 64. Rg8 Rf3 65. Bb5 Ke3 66. Rd7 Rf2+ 67. Kb3 f4 68. Rxd5 g2 69. Rdg5 f3 70. Bc6 Re2 71. Rg3 Kf2 72. R8g4 Re1 73. Bd5 Re2 74. c4 Kg1 75. c5 Re1 76. c6 Kh2 77. Kb2 Re2+ 78. Kc3 Re3+ 79. Kc4 Re1 80. Kd4 g1Q+ 81. Rxg1 Rxg1 82. Rxe4 f2 83. Re2 Kg3 84. Re3+ Kg4 85. Bc4 Rc1 86. Rc3 Rd1+ 87. Ke3 f1Q 88. Bxf1 Rxf1 89. Ke4 Rf8 90. Rc5 Rf4+ 91. Kd5 Kg5 92. Kd6+ Kg6 93. Kc7 Kf7 94. Rb5 Ke7 95. Kb7 Kd6 96. Rb6 Rc4 97. c7+ Kd7 1/2-1/2

[Event "Grenzturnering 2223 12th"]
[Site "Denmark/Germany"]
[Date "2022.09.30"]
[Round "3"]
[White "Zare, Mahmoudreza"]
[Black "Hansen, Hans Valdemar"]
[Result "0-1"]
[WhiteElo "1504"]
[BlackElo "1944"]
[PlyCount "85"]
[EventDate "2022.09.30"]
[EventType "swiss"]
[EventRounds "9"]
[EventCountry "DEN"]
[SourceTitle "EXT 2025"]
[Source "ChessBase"]
[SourceDate "2024.10.14"]
[SourceVersion "1"]
[SourceVersionDate "2024.10.14"]
[SourceQuality "1"]

1. e4 c5 2. Nc3 Nc6 3. Bb5 Nd4 4. f4 Nf6 5. d3 a6 6. Bc4 b5 7. Bd5 Nxd5 8. Nxd5 e6 9. Ne3 Bb7 10. Nf3 d5 11. e5 Nxf3+ 12. Qxf3 Rb8 13. Qf2 d4 14. Nd1 Be7 15. 0-0 Bh4 16. g3 Qd5 17. Qf3 Qxf3 18. Rxf3 Bxf3 19. Nf2 Be7 20. Bd2 0-0 21. Kf1 c4 22. dxc4 bxc4 23. b3 cxb3 24. axb3 Rfc8 25. Ra2 Rc6 26. Nd3 Rbc8 27. c4 dxc3 28. Be3 c2 29. Kf2 Bd5 30. Nc1 Rb8 31. Ke1 Bxb3 32. Rb2 Ba3 33. Rxb3 Rxb3 34. Nxb3 c1Q+ 35. Bxc1 Bxc1 36. Kd1 Be3 37. h3 Rc3 38. Na5 Bb6 39. Nb7 Rxg3 40. f5 exf5 41. Nd6 Rd3+ 42. Ke2 Re3+ 43. Kd2 0-1